Od efektívnosti k výnimočnosti

Stephen Covey - renomovaný líder, viceprezident spoločnosti FranklinCovey a autor jednej z najvplyvnejších manažérskych kníh 20. storočia: "7 návykov skutočne efektívnych ľudí". Návšteva S. Coveya v Bratislave a rozhovor s ním o manažéroch, manažmente, hospodárskej kríze a znalostných pracovníkoch.

Salvato in:
Dettagli Bibliografici
Autore principale: Nováková, Saša
Altri autori: Jesný, Martin, Covey, Stephen R.
Natura: Capitolo di libro
Lingua:slovacco
Soggetti:
Tags: Aggiungi Tag
Nessun Tag, puoi essere il primo ad aggiungerne!!

MARC

LEADER 00000naa$a2200000$$$4500
001 0115566
005 20231009103041.0
041 0 |a slo 
044 |a SK 
245 1 0 |a Od efektívnosti k výnimočnosti  |c Saša Nováková, Martin Jesný, Stephen R. Covey 
520 |a Stephen Covey - renomovaný líder, viceprezident spoločnosti FranklinCovey a autor jednej z najvplyvnejších manažérskych kníh 20. storočia: "7 návykov skutočne efektívnych ľudí". Návšteva S. Coveya v Bratislave a rozhovor s ním o manažéroch, manažmente, hospodárskej kríze a znalostných pracovníkoch. 
610 2 0 |a manažéri 
610 2 0 |a lídri 
610 2 0 |a manažment 
610 2 0 |a kríza hospodárska 
610 2 0 |a vedomosti 
100 1 |a Nováková, Saša 
700 1 |a Jesný, Martin 
700 1 |a Covey, Stephen R.